000 00825nam a22001937a 4500
999 _c4013
_d4013
003 AR-CdUCM
008 190307b ||||| |||| 00| 0 spa d
040 _aMUNICIPALIDAD PROVINCIAL DEL CUSCO
_cBIBLIOTECA MUNICIPAL DEL CUSCO
082 _a398.20985613 /
_bH4
245 _aLa historia de mi distrito, una historia para ser contada :
_bSan Jerónimo, Saylla, Oropesa, Lucre /
260 _aCusco :
_bCentro Guaman Poma de Ayala,
_c2005.
300 _a92 páginas ;
_c19 cm.
505 _aContenido: San Jerónimo: folklore -- Saylla: folklore -- Oropesa: folklore -- Lucre: folklore. Recopilación de relatos por alumnos.
650 _aFolklore - Cusco- Perú
_912807
650 _aCuentos de costumbre - Cusco
_912808
650 _aMitos y leyendas - Cusco y distritos
_912809
942 _2ddc
_cLIBROS
945 _alccs